000 00982nam2a22002411 4500
001 v19\rc\1266336
005 20250618002933.0
035 _a(NLR Aleph) 004419355
090 _a4114589
_c4114589
100 _a20060306d1926 |||y0rusy50 ca
101 0 _arus
102 _aRU
105 _ay z |||||
200 1 _aОбъяснения| к отчету о расходах
210 _d1926
_aБ. м.
215 _a146 с.
461 0 _1001v19\rc\1266320
_12001#$aОтчет по эксплоатации дороги...$fО-во Киево-Воронеж. ж. д.$vза 1924-25 год$90
_94114380
_aМосковско-Киево-Воронежская железная дорога
_cМосква
_d1894-1930
_fО-во Киево-Воронеж. ж. д.
_tОтчет по эксплоатации дороги...
_vза 1924-25 год$90
801 0 _aRU
_bNLR
_gpsbo
801 1 _aRU
_bProSoft-M
_2rusmarc
852 _aNLR
_jDesideratum
942 _cBOOK
980 _aNB